[Event "Reykjavik Open 2026"]
[Site "Reykjavik ISL"]
[Date "2026.03.25"]
[Round "1.47"]
[White "Makkar, Rajat"]
[Black "Althoff, Ralph"]
[Result "1-0"]
[WhiteTitle "IM"]
[WhiteElo "2418"]
[BlackElo "2035"]
[WhiteFideId "36016810"]
[BlackFideId "4623177"]
[EventDate "2026.03.25"]

1. e4 c5 2. Nf3 g6 3. d4 cxd4 4. Nxd4 Nc6 5. c4 Bg7 6. Be3 Qb6 7. Nb5 Qa5+ 8.
N5c3 Nf6 9. Nd2 O-O 10. Be2 d6 11. O-O Be6 12. Rc1 Rfc8 13. h3 Nd7 14. a3 a6 15.
Kh1 Nce5 16. b3 Qxa3 17. f4 Nxc4 18. bxc4 Bxc3 19. Nb1 Qb4 20. Rxc3 Bxc4 21. Qc2
b5 22. Rc1 Nf6 23. Bxc4 Rxc4 24. Rxc4 Qxc4 25. Qxc4 bxc4 26. Rxc4 d5 27. exd5
Nxd5 28. Bd2 Rb8 29. Nc3 Nf6 30. Be3 h5 31. Bd4 1-0

[Event "Reykjavik Open 2026"]
[Site "Reykjavik ISL"]
[Date "2026.03.25"]
[Round "1.48"]
[White "Stevens, Christian FRA"]
[Black "Stefansson, Hannes"]
[Result "0-1"]
[BlackTitle "GM"]
[WhiteElo "2034"]
[BlackElo "2417"]
[WhiteFideId "649090"]
[BlackFideId "2300087"]
[EventDate "2026.03.25"]

1. e4 c5 2. Nc3 Nc6 3. g3 g6 4. Bg2 Bg7 5. d3 e6 6. Be3 d6 7. Qd2 Rb8 8. f4 Nge7
9. Nf3 b5 10. d4 b4 11. Ne2 O-O 12. O-O Ba6 13. Rfd1 Qb6 14. e5 dxe5 15. dxe5
Nd5 16. Bf2 Na5 17. Bf1 Nc4 18. Qc1 Qc6 19. b3 Ncb6 20. c4 bxc3 21. Nxc3 Bxf1
22. Rxf1 Nb4 23. Ne1 Nd7 24. Qe3 f6 25. exf6 Nxf6 26. Rc1 Ng4 27. Qxc5 Qd7 28.
Rd1 Qb7 29. Qc4 Nxf2 30. Rxf2 Kh8 31. Ne4 Rfc8 32. Nd6 Rxc4 33. Nxb7 Rd4 34.
Rfd2 Rxd2 35. Rxd2 Bc3 0-1

[Event "Reykjavik Open 2026"]
[Site "Reykjavik ISL"]
[Date "2026.03.25"]
[Round "1.49"]
[White "Injac, Teodora"]
[Black "Dijkstra, Matthijs"]
[Result "1-0"]
[WhiteTitle "IM"]
[WhiteElo "2417"]
[BlackElo "2032"]
[WhiteFideId "932400"]
[BlackFideId "1046985"]
[EventDate "2026.03.25"]

1. Nf3 Nf6 2. c4 c5 3. Nc3 Nc6 4. g3 d5 5. cxd5 Nxd5 6. Bg2 Nc7 7. a3 e5 8. b4
cxb4 9. axb4 Bxb4 10. Nxe5 Qd6 11. Nxc6 bxc6 12. O-O O-O 13. Qc2 Bd7 14. Bb2 a5
15. Rfc1 Ne6 16. Ne4 Qe7 17. d4 Rfc8 18. e3 Rab8 19. Nd2 c5 20. d5 Nf8 21. Nc4
a4 22. e4 Bb5 23. Ne3 g6 24. e5 c4 25. d6 Qe6 26. Nd5 c3 27. Nxb4 cxb2 28. Qxb2
Qb3 29. Qd2 Nd7 30. Rcb1 Qc3 31. Qxc3 Rxc3 32. f4 Rb3 33. Bd5 Rxb1+ 34. Rxb1 Nc5
35. Nc6 Rb6 36. Nd4 1-0

[Event "Reykjavik Open 2026"]
[Site "Reykjavik ISL"]
[Date "2026.03.25"]
[Round "1.50"]
[White "Mariller, Romain"]
[Black "Kjartansson, Gudmundur"]
[Result "0-1"]
[BlackTitle "GM"]
[WhiteElo "2031"]
[BlackElo "2416"]
[WhiteFideId "45136912"]
[BlackFideId "2301318"]
[EventDate "2026.03.25"]

1. e4 c6 2. d4 d5 3. e5 Bf5 4. Nd2 e6 5. g4 Bg6 6. Ne2 f6 7. Nf4 Bf7 8. Nf3 Nd7
9. Qe2 fxe5 10. dxe5 g5 11. Nd3 h6 12. h4 gxh4 13. Nxh4 c5 14. Nf4 Ne7 15. Bg2
Qb6 16. c3 O-O-O 17. Bd2 Qxb2 18. O-O Nb6 19. Rfb1 Qc2 20. Rc1 Qa4 21. Be3 Nc6
22. Nhg6 Bxg6 23. Nxg6 Rg8 24. Nxf8 Rdxf8 25. Bxh6 Rf7 26. g5 Ne7 27. Bh3 Rg6
28. c4 Nxc4 29. Qg4 Nf5 30. Rxc4 Qxc4 31. Qxc4 dxc4 32. Bxf5 Rxf5 33. Rc1 b5 34.
a4 a6 35. axb5 axb5 36. Kg2 Rfxg5+ 37. Bxg5 Rxg5+ 38. Kf3 Rxe5 0-1

[Event "Reykjavik Open 2026"]
[Site "Reykjavik ISL"]
[Date "2026.03.26"]
[Round "2.1"]
[White "Belkaid, Sohan"]
[Black "Tabatabaei, M. Amin"]
[Result "0-1"]
[WhiteTitle "FM"]
[BlackTitle "GM"]
[WhiteElo "2379"]
[BlackElo "2700"]
[WhiteFideId "45180350"]
[BlackFideId "12521213"]
[EventDate "2026.03.25"]

1. e4 e5 2. Nf3 Nc6 3. Nc3 Nf6 4. Bb5 Bd6 5. d3 a6 6. Bc4 h6 7. a3 Bc5 8. Be3 d6
9. Qd2 Bg4 10. d4 Ba7 11. d5 Bxe3 12. fxe3 Ne7 13. O-O Ng6 14. h3 Bd7 15. Qf2
O-O 16. b4 a5 17. Rad1 axb4 18. axb4 Ra3 19. Bb3 Qe7 20. Nd2 Nh5 21. g4 Nf6 22.
Qg3 h5 23. Rf5 Rfa8 24. Rdf1 Ra1 25. Ndb1 hxg4 26. hxg4 Nh7 27. Rh5 b5 28. g5
Ngf8 29. Kf2 g6 30. Rh4 Qxg5 31. Qh2 Nf6 32. Rh1 N8h7 33. Rg1 Bg4 34. Qg3 Nxe4+
35. Nxe4 Qf5+ 36. Kg2 Qxe4+ 37. Kh2 Nf6 38. Rf1 Rxb1 39. Rxb1 g5 40. Rh6 Kg7 0-1

[Event "Reykjavik Open 2026"]
[Site "Reykjavik ISL"]
[Date "2026.03.26"]
[Round "2.2"]
[White "Deac, Bogdan-Daniel"]
[Black "Thorfinnsson, Bragi"]
[Result "1-0"]
[WhiteTitle "GM"]
[BlackTitle "GM"]
[WhiteElo "2655"]
[BlackElo "2377"]
[WhiteFideId "1226380"]
[BlackFideId "2300958"]
[EventDate "2026.03.25"]

1. d4 d5 2. Nf3 Nf6 3. e3 g6 4. Nbd2 Bg7 5. b4 O-O 6. Bb2 c6 7. c4 a5 8. b5 a4
9. Ba3 Re8 10. Be2 Ne4 11. Nxe4 dxe4 12. Nd2 f5 13. Rb1 Nd7 14. c5 Nf6 15. Nc4
Be6 16. Qd2 Qc7 17. g3 Rad8 18. Qa5 Nd5 19. Qxc7 Nxc7 20. bxc6 bxc6 21. Rb6 Bd5
22. Na5 Nb5 23. Bb4 Rb8 24. O-O e5 25. Nxc6 Rxb6 26. cxb6 Bxc6 27. Rc1 Bd7 28.
Rc5 Bf8 29. Bxb5 Bxc5 30. Bc4+ Kg7 31. Bxc5 exd4 32. Bxd4+ Kh6 33. Bd5 Rc8 34.
b7 Rc1+ 35. Kg2 Bb5 36. g4 f4 37. Bxe4 1-0

[Event "Reykjavik Open 2026"]
[Site "Reykjavik ISL"]
[Date "2026.03.26"]
[Round "2.3"]
[White "Ragnarsson, Dagur"]
[Black "Tari, Aryan"]
[Result "0-1"]
[WhiteTitle "IM"]
[BlackTitle "GM"]
[WhiteElo "2376"]
[BlackElo "2642"]
[WhiteFideId "2304058"]
[BlackFideId "1510045"]
[EventDate "2026.03.25"]

1. Nf3 d5 2. g3 Nc6 3. d4 Bf5 4. Bg2 Nb4 5. Na3 e6 6. c3 Nc6 7. Qa4 Be4 8. O-O
Bxa3 9. Qxa3 Nge7 10. Qb3 Rb8 11. a4 O-O 12. Qd1 a5 13. Re1 Nf5 14. Bf1 Nd6 15.
Nd2 Bg6 16. Nb3 b6 17. Bg2 Re8 18. Bf4 Ne7 19. Nd2 Qd7 20. Ra2 h6 21. h4 Bf5 22.
Qc1 Nc6 23. b3 Rbd8 24. Bxd6 cxd6 25. Qb2 Rc8 26. Nb1 e5 27. dxe5 dxe5 28. Na3
Bh3 29. Bh1 e4 30. Nc2 Ne5 31. Ne3 Ng4 32. Qd2 Nxe3 33. Qxe3 Rc5 34. Rc1 Qc7 35.
Kh2 Be6 36. Qd4 Rc8 37. Rac2 f5 38. e3 b5 39. axb5 Rxb5 40. Qa4 Rcb8 41. Rb1 d4
42. exd4 Bxb3 43. Rxb3 Rxb3 44. Bg2 Rxc3 45. Rxc3 Qxc3 46. Qd7 Qc8 47. Qd5+ Kh8
48. Bh3 Rb2 49. Kg1 e3 0-1

[Event "Reykjavik Open 2026"]
[Site "Reykjavik ISL"]
[Date "2026.03.26"]
[Round "2.4"]
[White "Ivanchuk, Vasyl"]
[Black "Tang, Zoey"]
[Result "1-0"]
[WhiteTitle "GM"]
[BlackTitle "FM"]
[WhiteElo "2624"]
[BlackElo "2366"]
[WhiteFideId "14100010"]
[BlackFideId "30952530"]
[EventDate "2026.03.25"]

1. e4 c5 2. Nf3 Nc6 3. d4 cxd4 4. Nxd4 Nf6 5. Nc3 d6 6. Bg5 e6 7. Qd2 Qb6 8. Nb3
a6 9. a4 Be7 10. a5 Qc7 11. Be2 O-O 12. O-O b5 13. axb6 Qxb6 14. Be3 Qc7 15. Ra4
Bb7 16. Rfa1 a5 17. f3 d5 18. exd5 Rad8 19. Nb5 Qb8 20. d6 Bxd6 21. Nxd6 Rxd6
22. Qc1 Rc8 23. Nxa5 Nxa5 24. Rxa5 Nd5 25. c4 Nxe3 26. Qxe3 Bc6 27. Qc3 Rcd8 28.
b4 Rd2 29. Bf1 Qc7 30. b5 Bb7 31. c5 h6 32. Ra7 Rd1 33. Rxd1 Rxd1 34. Qe3 Qb8
35. c6 Bxc6 36. bxc6 Qb5 37. Ra8+ Kh7 38. Qf2 1-0

[Event "Reykjavik Open 2026"]
[Site "Reykjavik ISL"]
[Date "2026.03.26"]
[Round "2.5"]
[White "Moor, Olivier"]
[Black "Stefansson, Vignir Vatnar"]
[Result "0-1"]
[WhiteTitle "IM"]
[BlackTitle "GM"]
[WhiteElo "2290"]
[BlackElo "2511"]
[WhiteFideId "1303112"]
[BlackFideId "2308649"]
[EventDate "2026.03.25"]

1. d4 d6 2. c4 e5 3. Nc3 exd4 4. Qxd4 Nc6 5. Qd2 Nf6 6. e4 g6 7. b3 Bg7 8. Bb2
O-O 9. Bd3 a6 10. Nge2 Ne5 11. f3 b5 12. cxb5 axb5 13. Bxb5 c6 14. Bd3 Qb6 15.
Rb1 d5 16. Na4 Nxd3+ 17. Qxd3 Qc7 18. e5 Bf5 19. Qd1 Nd7 20. Rc1 Nxe5 21. Bxe5
Bxe5 22. g4 Bc8 23. Kf2 Ba6 24. Rc2 d4 25. Ng3 d3 26. Rd2 Bf4 27. Kg2 Bb5 28.
Rxd3 Bxd3 29. Qxd3 Rad8 30. Qc4 Rd2+ 31. Kh3 Rfd8 32. Re1 Rxh2+ 0-1

[Event "Reykjavik Open 2026"]
[Site "Reykjavik ISL"]
[Date "2026.03.26"]
[Round "2.6"]
[White "Guo, Ethan"]
[Black "Lagarde, Maxime"]
[Result "1/2-1/2"]
[WhiteTitle "FM"]
[BlackTitle "GM"]
[WhiteElo "2364"]
[BlackElo "2618"]
[WhiteFideId "30976359"]
[BlackFideId "662399"]
[EventDate "2026.03.25"]

1. e4 c5 2. Nf3 Nc6 3. Bb5 e6 4. O-O Nge7 5. Re1 Ng6 6. c3 Be7 7. d4 cxd4 8.
cxd4 d5 9. exd5 exd5 10. Bg5 O-O 11. Bxe7 Ngxe7 12. h3 Qd6 13. Nc3 h6 14. Rc1
Be6 1/2-1/2

[Event "Reykjavik Open 2026"]
[Site "Reykjavik ISL"]
[Date "2026.03.26"]
[Round "2.7"]
[White "Maurizzi, MarcAndria"]
[Black "Papasimakopoulos, Alexandros"]
[Result "1-0"]
[WhiteTitle "GM"]
[BlackTitle "IM"]
[WhiteElo "2614"]
[BlackElo "2360"]
[WhiteFideId "36083534"]
[BlackFideId "4244125"]
[EventDate "2026.03.25"]

1. d4 d5 2. Nf3 Nf6 3. c4 dxc4 4. e3 a6 5. Bxc4 e6 6. O-O c5 7. Re1 Nc6 8. a3 b5
9. Bd3 cxd4 10. exd4 Be7 11. Nc3 Bb7 12. Ne4 Nxe4 13. Bxe4 Na5 14. Qd3 Ra7 15.
Ne5 Bxe4 16. Qxe4 Qa8 17. Qg4 Bf6 18. Be3 Rc7 19. Qg3 Rc8 20. Ng4 Be7 21. Qe5
Kf8 22. Qh5 Bd6 23. Ne5 Qb7 24. Rac1 Nc4 25. Bf4 Bxe5 26. Bxe5 f6 27. Bf4 Qf7
28. Qf3 g5 29. b3 gxf4 30. bxc4 bxc4 31. Qxf4 Ke7 32. d5 e5 33. Rxc4 Qxd5 34.
Rxc8 Rxc8 35. Qf5 Rh8 36. Rc1 Qd7 37. Qh5 Qd3 38. Qg4 Rd8 39. h3 Qd7 40. Qh5 Kf8
41. Qh4 Kg7 42. Rc3 Qd1+ 43. Kh2 Rd3 44. Rc7+ Rd7 45. Qg3+ Kf8 46. Rc8+ Rd8 47.
Rc3 Qd4 48. Rf3 Kf7 49. Rf5 Qe4 50. Qb3+ Qd5 51. Qe3 Ke6 52. Rf3 Qd2 53. Qe4 Qh6
54. Qc4+ Ke7 55. Qxa6 Qg5 56. Qb7+ Rd7 57. Qb4+ Kf7 58. Qc4+ Ke7 59. a4 Qd2 60.
Qh4 Qg5 61. Qxh7+ Ke6 62. Qe4 f5 63. Qc4+ Ke7 1-0

[Event "Reykjavik Open 2026"]
[Site "Reykjavik ISL"]
[Date "2026.03.26"]
[Round "2.8"]
[White "Domalchuk-Jonasson, Aleksandr"]
[Black "Zhou, Jianchao"]
[Result "0-1"]
[WhiteTitle "IM"]
[BlackTitle "GM"]
[WhiteElo "2362"]
[BlackElo "2584"]
[WhiteFideId "14142805"]
[BlackFideId "8603537"]
[EventDate "2026.03.25"]

1. d4 Nf6 2. c4 g6 3. Nc3 Bg7 4. e4 d6 5. h3 e5 6. d5 a5 7. Be3 Na6 8. Nf3 Bd7
9. Be2 b6 10. g4 a4 11. Nd2 a3 12. b3 h5 13. g5 Nh7 14. h4 O-O 15. Rg1 f6 16.
Qc1 fxg5 17. hxg5 Rf4 18. Qxa3 Nxg5 19. Qb2 Kh7 20. Bxf4 exf4 21. Rc1 Nc5 22.
Qb1 Bxc3 23. Rxc3 Qf6 24. Rc1 f3 25. Rxg5 Qxg5 26. Nxf3 Qf4 27. Rc3 Bg4 28. Re3
Rf8 29. Kd2 Bxf3 30. Bxf3 Nd7 31. Qg1 Qf6 32. Rc3 Qd4+ 33. Rd3 Ne5 34. Rxd4
Nxf3+ 35. Ke3 Nxg1 36. f4 g5 37. e5 gxf4+ 38. Rxf4 Rxf4 39. Kxf4 Ne2+ 40. Kg5
dxe5 41. Kxh5 Nc1 42. Kg5 Kg7 43. Kf5 Kf7 44. Kxe5 Ke7 45. Kd4 Nxa2 46. c5 bxc5+
47. Kxc5 Kd7 48. b4 Nc3 49. Kc4 Ne4 50. Kd4 Nd6 51. Kc5 Nb7+ 52. Kb5 Kd6 53. Kc4
Ke5 54. b5 Kd6 55. Kd4 Nc5 56. Kc4 Nd7 57. Kd4 0-1

[Event "Reykjavik Open 2026"]
[Site "Reykjavik ISL"]
[Date "2026.03.26"]
[Round "2.9"]
[White "Yilmaz, Mustafa"]
[Black "Ajay Krishna, S"]
[Result "0-1"]
[WhiteTitle "GM"]
[BlackTitle "IM"]
[WhiteElo "2582"]
[BlackElo "2354"]
[WhiteFideId "6302718"]
[BlackFideId "5096430"]
[EventDate "2026.03.25"]

1. d4 d5 2. c4 e6 3. Nf3 Nf6 4. Nc3 Be7 5. Bf4 O-O 6. e3 b6 7. cxd5 Nxd5 8. Nxd5
Qxd5 9. Bxc7 Bb4+ 10. Nd2 Nc6 11. a3 Bxd2+ 12. Qxd2 Na5 13. Qd3 Nb3 14. Rd1 Bd7
15. f3 Rac8 16. Bf4 Ba4 17. e4 Qa5+ 18. Kf2 Rfd8 19. Qe3 Rc2+ 20. Kg3 Rxb2 21.
h4 Nc5 22. Re1 Rb3 23. Qf2 Rxd4 24. Kh2 Rd7 25. Qg3 f6 26. Bc4 Rc3 27. Rc1 Bc2
28. Ba2 Qxa3 29. Qe1 Kf7 30. Ra1 Qb2 31. e5 Ra3 32. exf6 gxf6 33. Qg3 Rxa2 34.
Bh6 Bg6 35. Rxa2 Qxa2 36. h5 Qc4 37. Rc1 Qd5 38. hxg6+ hxg6 39. Be3 Nd3 40. Rc7
g5 41. Kg1 Ne5 42. Rc8 Qd3 43. Bc1 Qd4+ 44. Kh2 Ng6 45. Kh3 Qh4+ 46. Qxh4 Nxh4
47. f4 Rd3+ 48. Kh2 gxf4 49. Rc7+ Kg6 50. Bxf4 e5 51. Bg3 Nf5 52. Bf2 Rd2 53.
Be1 Ra2 54. Kh3 b5 55. Bb4 Nd4 56. Rb7 Kf5 57. Bf8 a5 58. Rb6 Rf2 59. Be7 Kg5
60. Ra6 a4 61. Rb6 Rf1 62. Kh2 Kg6 63. g3 Rf2+ 64. Kg1 Rf5 65. Kg2 e4 66. Rd6
Nb3 67. g4 Rf4 68. Kg3 Rf3+ 69. Kg2 Kf7 70. Rd7 Ke6 71. Rb7 f5 72. g5 f4 73. Bf6
Rg3+ 74. Kf1 Nd2+ 75. Kf2 e3+ 76. Ke2 Rg2+ 77. Kd3 Nf3 78. Rb6+ Kd7 79. Rxb5
Rd2+ 80. Kc3 e2 81. Re5 Ra2 82. Re7+ Kc6 83. g6 e1=Q+ 0-1

[Event "Reykjavik Open 2026"]
[Site "Reykjavik ISL"]
[Date "2026.03.26"]
[Round "2.10"]
[White "Warmerdam, Max"]
[Black "Singh, Siddharth"]
[Result "1-0"]
[WhiteTitle "GM"]
[WhiteElo "2575"]
[BlackElo "2342"]
[WhiteFideId "1048104"]
[BlackFideId "39907023"]
[EventDate "2026.03.25"]

1. c4 c5 2. g3 Nf6 3. Bg2 d5 4. cxd5 Nxd5 5. Nc3 Nc7 6. d3 e5 7. Be3 Be7 8. Rc1
Nd7 9. Nf3 O-O 10. O-O b6 11. Qb3 Rb8 12. Rfd1 Ne6 13. Nd5 Bb7 14. Bh3 Nc7 15.
Nc3 Bxf3 16. exf3 Nf6 17. f4 exf4 18. Bxf4 Nh5 19. Bxc7 Qxc7 20. d4 Bg5 21. Rc2
Bf6 22. Nd5 Qd6 23. Qf3 Bxd4 24. Qxh5 g6 25. Qf3 Rbd8 26. Nc3 Rfe8 27. Bf1 Qe6
28. Re2 Qd7 29. Rxe8+ Qxe8 30. Bc4 Kg7 31. Nb5 1-0

[Event "Reykjavik Open 2026"]
[Site "Reykjavik ISL"]
[Date "2026.03.26"]
[Round "2.11"]
[White "Thorfinnsson, Bjorn"]
[Black "Livaic, Leon"]
[Result "0-1"]
[WhiteTitle "IM"]
[BlackTitle "GM"]
[WhiteElo "2335"]
[BlackElo "2571"]
[WhiteFideId "2300982"]
[BlackFideId "14531534"]
[EventDate "2026.03.25"]

1. d4 Nf6 2. Nf3 d6 3. Bg5 Nbd7 4. Nbd2 h6 5. Bh4 g5 6. Bg3 Nh5 7. e4 Bg7 8. c3
e6 9. Bd3 Nxg3 10. hxg3 g4 11. Nh2 h5 12. f3 c5 13. dxc5 Nxc5 14. Nb3 Qb6 15.
Nf1 Bd7 16. Nxc5 Qxc5 17. Qb3 b5 18. Ke2 a5 19. a3 Ke7 20. Ne3 gxf3+ 21. gxf3
Rag8 22. Rag1 h4 23. gxh4 Bh6 0-1

[Event "Reykjavik Open 2026"]
[Site "Reykjavik ISL"]
[Date "2026.03.26"]
[Round "2.12"]
[White "Andersen, Mads"]
[Black "Holinka, Henning"]
[Result "1/2-1/2"]
[WhiteTitle "GM"]
[BlackTitle "FM"]
[WhiteElo "2562"]
[BlackElo "2324"]
[WhiteFideId "1413864"]
[BlackFideId "12967084"]
[EventDate "2026.03.25"]

1. d4 d5 2. c4 e6 3. Nf3 Nf6 4. g3 c5 5. Bg2 cxd4 6. O-O Bc5 7. Nxd4 O-O 8. Nb3
Be7 9. Nc3 dxc4 10. Qxd8 Rxd8 11. Na5 Nd5 12. Nxc4 Nc6 13. Rd1 Nxc3 14. Rxd8+
Nxd8 15. bxc3 Bd7 16. Na5 Rc8 17. Nxb7 Nxb7 18. Bxb7 Rxc3 19. Be3 Bc5 20. Bxc5
Rxc5 21. Rd1 Be8 22. Rd6 a5 23. h4 Kf8 24. Be4 1/2-1/2

[Event "Reykjavik Open 2026"]
[Site "Reykjavik ISL"]
[Date "2026.03.26"]
[Round "2.13"]
[White "Brzezina, Piotr"]
[Black "Xiao, Tong(QD)"]
[Result "1/2-1/2"]
[WhiteTitle "FM"]
[BlackTitle "GM"]
[WhiteElo "2328"]
[BlackElo "2555"]
[WhiteFideId "21078874"]
[BlackFideId "8622388"]
[EventDate "2026.03.25"]

1. d4 Nf6 2. c4 e6 3. g3 Bb4+ 4. Bd2 Be7 5. Bg2 d5 6. Nf3 O-O 7. O-O c6 8. Qc2
Nbd7 9. Bf4 a5 10. Rd1 a4 11. Ne5 Qa5 12. Nc3 Qa6 13. cxd5 cxd5 14. e4 dxe4 15.
Bf1 Qa5 16. Nc4 Qh5 17. Nxe4 Nxe4 18. Qxe4 Nf6 19. Qe5 Qxe5 20. dxe5 Nd5 21. Bg2
Ra6 22. Rac1 a3 23. b3 Rc6 24. Nd6 f6 25. Rxd5 Rxc1+ 26. Bxc1 exd5 27. Bxd5+ Kh8
28. Nf7+ Kg8 29. Nh6+ Kh8 30. Nf7+ Kg8 31. Nh6+ Kh8 1/2-1/2

[Event "Reykjavik Open 2026"]
[Site "Reykjavik ISL"]
[Date "2026.03.26"]
[Round "2.14"]
[White "Sanal, Vahap"]
[Black "Roubalik, Jakub"]
[Result "1-0"]
[WhiteTitle "GM"]
[BlackTitle "IM"]
[WhiteElo "2551"]
[BlackElo "2316"]
[WhiteFideId "6300545"]
[BlackFideId "322237"]
[EventDate "2026.03.25"]

1. e4 c5 2. Nc3 e6 3. g3 Nc6 4. Bg2 g6 5. h4 h5 6. Nh3 Bg7 7. d3 d6 8. O-O Nf6
9. Ng5 O-O 10. Ne2 Qc7 11. a4 b6 12. Bd2 Bb7 13. Bc3 e5 14. Bd2 Rad8 15. c4 Bc8
16. Nc3 Nb4 17. Qe2 a5 18. f3 Qe7 19. Bh3 Bxh3 20. Nxh3 Nh7 21. Kh2 f5 22. Rac1
Rf7 23. Bg5 Nxg5 24. hxg5 Qd7 25. Rf2 Rdf8 26. Rcf1 Nc6 27. Nb5 Re8 28. exf5
Rxf5 29. Qe4 Kh7 30. g4 hxg4 31. fxg4 Rf4 32. Nxf4 exf4 33. Qg2 Be5 34. Qh3+ Kg8
35. Kg2 Re7 36. Rh1 Rf7 37. Qf3 Bg7 38. Kf1 Ne5 39. Qa8+ Bf8 40. Rfh2 1-0

[Event "Reykjavik Open 2026"]
[Site "Reykjavik ISL"]
[Date "2026.03.26"]
[Round "2.15"]
[White "Kurmangaliyeva, Liya"]
[Black "Tiglon, Bryce"]
[Result "1/2-1/2"]
[WhiteTitle "FM"]
[BlackTitle "GM"]
[WhiteElo "2319"]
[BlackElo "2550"]
[WhiteFideId "13725831"]
[BlackFideId "2087456"]
[EventDate "2026.03.25"]

1. e4 e6 2. d4 d5 3. Nc3 Bb4 4. e5 c5 5. a3 Bxc3+ 6. bxc3 Ne7 7. a4 Qa5 8. Bd2
Nbc6 9. Qc1 f6 10. f4 fxe5 11. fxe5 Qc7 12. Nf3 cxd4 13. cxd4 Nf5 14. Bd3 Bd7
15. O-O O-O-O 16. Qb2 h6 17. c4 dxc4 18. Bxf5 exf5 19. d5 Ne7 20. d6 Qc5+ 21.
Qd4 Qxd4+ 22. Nxd4 Nc6 23. Nxc6 Bxc6 24. Rxf5 Bd5 25. Raf1 Be6 26. R5f4 Rhe8 27.
Kf2 Rf8 28. Ke3 Rxf4 29. Rxf4 Kd7 30. Kd4 Rc8 31. Rf3 Ke8 32. Rg3 Kf7 33. Rf3+
Ke8 34. Rg3 Kf7 35. Rf3+ 1/2-1/2

[Event "Reykjavik Open 2026"]
[Site "Reykjavik ISL"]
[Date "2026.03.26"]
[Round "2.16"]
[White "Can, Emre"]
[Black "Kejna, Piotr"]
[Result "1-0"]
[WhiteTitle "GM"]
[BlackTitle "FM"]
[WhiteElo "2541"]
[BlackElo "2310"]
[WhiteFideId "6302181"]
[BlackFideId "21821704"]
[EventDate "2026.03.25"]

1. e4 e6 2. d4 d5 3. Nc3 Bb4 4. e5 c5 5. a3 Bxc3+ 6. bxc3 Qa5 7. Bd2 Qa4 8. h4
Ne7 9. h5 h6 10. Qb1 c4 11. Ne2 Nbc6 12. g4 Bd7 13. Bh3 O-O-O 14. f4 Rdf8 15.
Qb2 Kb8 16. O-O-O f5 17. Ng3 fxg4 18. Bxg4 a5 19. Rdf1 Na7 20. Kd1 Rf7 21. Rf3
Nb5 22. Bc1 Rhf8 23. Rhf1 Nc7 24. Bh3 Ka7 25. Rg1 Be8 26. Be3 Bd7 27. Kd2 Nb5
28. Rff1 Ka6 29. Ra1 Rc8 30. Rgb1 Rc6 31. Qc1 Rb6 32. Rb4 axb4 33. axb4 Nc7 34.
b5+ Kxb5 35. Rxa4 Kxa4 36. Qa1+ Kb5 37. Qb2+ Ka5 38. Qa3+ Ba4 39. Qc5+ Ka6 40.
Qxc7 Rb2 41. Bxe6 Rxc2+ 42. Ke1 Nf5 43. Qxf7 Nxg3 44. Bd2 Ne4 45. Bxd5 Nxd2 46.
Qxb7+ 1-0

[Event "Reykjavik Open 2026"]
[Site "Reykjavik ISL"]
[Date "2026.03.26"]
[Round "2.17"]
[White "Maze, Sebastien"]
[Black "Yu, Jennifer"]
[Result "1/2-1/2"]
[WhiteTitle "GM"]
[BlackTitle "FM"]
[WhiteElo "2530"]
[BlackElo "2299"]
[WhiteFideId "613762"]
[BlackFideId "2078341"]
[EventDate "2026.03.25"]

1. e4 e5 2. Nf3 Nc6 3. Bb5 g6 4. Bxc6 dxc6 5. h3 Bg7 6. Nc3 Ne7 7. d3 b6 8. Be3
c5 9. Qd2 h6 10. Nh2 Be6 11. Ng4 h5 12. Nh2 Qd7 13. f4 exf4 14. Bxf4 f6 15. Nf3
g5 16. Be3 O-O-O 17. O-O-O g4 18. hxg4 hxg4 19. Nh4 Kb8 20. Rde1 Rh5 21. Bf4
Rdh8 22. g3 f5 23. Rhf1 fxe4 24. Rxe4 Nd5 25. Ng6 Nxc3 26. bxc3 Rh1 27. Rxh1
Rxh1+ 28. Re1 Qd5 29. c4 Qd4 30. Kd1 Qa1+ 31. Qc1 Rxe1+ 32. Kxe1 Qc3+ 33. Bd2
Qf6 34. Nf4 Bf7 35. Qd1 Qe5+ 36. Kf1 Qf5 37. Qe1 Be5 38. Qf2 Be8 39. Nd5 Qxf2+
40. Kxf2 Ba4 41. Bc3 Bd6 42. Ne3 Bd7 1/2-1/2

[Event "Reykjavik Open 2026"]
[Site "Reykjavik ISL"]
[Date "2026.03.26"]
[Round "2.18"]
[White "Llari, Marc"]
[Black "Wadsworth, Matthew J"]
[Result "1/2-1/2"]
[WhiteTitle "FM"]
[BlackTitle "GM"]
[WhiteElo "2300"]
[BlackElo "2522"]
[WhiteFideId "651044269"]
[BlackFideId "415804"]
[EventDate "2026.03.25"]

1. e4 e6 2. d4 d5 3. Nd2 Be7 4. Ngf3 Nf6 5. Bd3 c5 6. e5 Nfd7 7. c3 Nc6 8. O-O
a5 9. Re1 cxd4 10. cxd4 Qb6 11. a3 Nxd4 12. Nxd4 Qxd4 13. Nf3 Qb6 14. Be3 Qd8
15. Bc2 Nc5 16. Qd4 Bd7 17. Qg4 g6 18. Bh6 Rc8 19. Ng5 Bf8 20. Bxf8 Kxf8 21. Re3
Be8 22. b4 axb4 23. axb4 Nd7 24. Bd3 Kg7 25. h4 h6 26. Nh3 Qe7 27. h5 g5 28. f4
Qxb4 29. Qg3 g4 30. f5 Qd4 31. Rf1 Nxe5 32. Kh2 Nxd3 33. Rxd3 Qf6 34. Qxg4+ Kh7
35. fxe6 Qxf1 36. Rf3 Qxf3 37. Qxf3 fxe6 38. Qf6 Rg8 39. Nf4 Rc6 40. Nxe6 Rxe6
41. Qxe6 Bxh5 42. Qxd5 Bg6 43. Qxb7+ Rg7 1/2-1/2

[Event "Reykjavik Open 2026"]
[Site "Reykjavik ISL"]
[Date "2026.03.26"]
[Round "2.19"]
[White "Gupta, Abhijeet"]
[Black "Tamas, Christian-Arrydan"]
[Result "1-0"]
[WhiteTitle "GM"]
[BlackTitle "FM"]
[WhiteElo "2506"]
[BlackElo "2287"]
[WhiteFideId "5010608"]
[BlackFideId "1283740"]
[EventDate "2026.03.25"]

1. d4 Nf6 2. Nf3 e6 3. Bf4 d5 4. e3 Bd6 5. Bd3 O-O 6. Nbd2 Bxf4 7. exf4 b6 8.
Qe2 c5 9. c3 a5 10. O-O Ba6 11. Bxa6 Nxa6 12. Rfe1 Qd6 13. g3 Nb8 14. Rad1 Nc6
15. Nf1 cxd4 16. Nxd4 Nxd4 17. Rxd4 Qc5 18. Ne3 b5 19. a3 Rab8 20. Red1 h6 21.
Nc2 Rfd8 22. Ne1 Ne4 23. Nc2 Nd6 24. Ne3 Nc4 25. f5 Nxe3 26. Qxe3 exf5 27. Qe5
g6 28. Rxd5 Rxd5 29. Rxd5 Qb6 30. Rd7 b4 31. axb4 axb4 32. c4 Ra8 33. Qd5 Ra1+
34. Kg2 Qf6 35. Rd6 Qg7 36. Rd8+ Kh7 37. Rd7 Kg8 38. c5 Rc1 39. Qa8+ Kh7 40. Qe8 1-0